1420 1332 1459 1937 1484 1824 1304 1141 1800 1789 1992 1357 1488 1981 1576 1285 1604 1979 1879 1935 1784 1101 1169 1592 1601 1249 1826 1068 1052 1397 1495 1625 1300 1162 1518 1543 1854 1389 1888 1993 1362 1081 1849 1501 1198 1529 1582 1793 1757 1061 1051 1577 1250 1930 1947 1627 1164 1496 1858 1914 1896 1750 1598 1359 1498 1629 1025 1455 1171 1414 1306 1427 1749 1483 1920 1662 1840 1292 1954 1792 1071 1000 1627 1373 1839 1918 1828 1614 1268 1182 1493 1003 1255 1771 1946 1660 1984 1113 1115 BCNSPRNW ULIB Ver.6.0+V

เปลี่ยนเป็นภาษาไทย

Change to English
 แสดงรายละเอียดบรรณานุกรม
  กลับหน้าหลัก

Brief Record : Get Marc (ISO 2709) : E-mail record : QR code < ปิดหน้าต่าง
LEADER : 00000nam 2200000uu 4500
001    13399113567
003     ULIB
008    111128s2551||||th 000 0 tha d
020    ^a9789740502135
090    ^aนว.^bง281อ 2551
100 0  ^aเงาตะวัน
245 00 ^aอามิเรร่าธิดาแห่งธีบิส/^cเงาตะวัน
250    ^aพิมพ์ครั้งที่ 1
260    ^aกรุงเทพฯ :^bลีลา,^c2551
300    ^a294 หน้า
710 1  ^aลีลา
945    ^p200^l0^i15037
995    ^aกัณชพร
999    ^aใช้งานได้ทุกระบบ
รายการนี้ยังไม่มีแท็ก
คุณยังไม่ได้ล็อกอิน คุณสามารถมีกิจกรรมร่วมกับเว็บไซต์ได้ แต่ต้องล็อกอินก่อน ::
  ล็อกอิน

รายการสื่อสารสนเทศ

ลำดับที่ ประเภท เลขเรียก/บาร์โค้ด สถานที่ สถานะ
1. วิทยาศาสตร์การแพทย์ และสุขภาพ
วิทยาศาสตร์การแพทย์ และสุขภาพ
นว. ง281อ 2551  
  Barcode: 15037
ห้องสมุดวิทยาเขตสวรรค์ประชารักษ์
►นวนิยาย
บนชั้น
  ขอยืม

รายการใกล้เคียง
    ผู้แต่ง [เงาตะวัน]

BibComment


ยังไม่เคยถูกคอมเมนท์

คอมเมนท์ทรัพยากรรายการนี้
  คอมเมนท์: อามิเรร่าธิดาแห่..


 Copyright 2026. Bcnsprnw @Library